000 01350nam a2200313 i 4500
001 106819
003 ES-MaACL
005 20250904073105.0
007 t|
008 061229s1962 sp ||||1| spa d
080 _a75.036(460)(083.824)
245 0 0 _a20 años de pintura española
_b: [exposición organizada por el Ateneo de Madrid y presentada en el antiguo Hospital de la Santa Cruz (Barcelona), octubre de 1962] /
_c[textos, Juan Antonio Gaya Nuño, R. Santos Torroella, José de Castro Arines].
260 _aMadrid :
_bEditora Nacional,
_c1962.
300 _a19 h., 155 h. de lám. ;
_c18 cm.
490 1 _aCuadernos de arte. Colección extraordinaria ;
_v12
610 2 4 _aAteneo de Madrid-
_vExposiciones-
_y1960-1969.
_91920
650 4 _aPintura española-
_yS.XX-
_vExposiciones.
_916043
655 7 _2tgfbne
_9193628
_aCatálogos de exposiciones
700 0 _aGaya Nuño, Juan Antonio,
_d1913-1976
_956130
700 1 _aSantos Torroella, Rafael.
_9103536
700 1 _aCastro Arines, José de,
_d1913-1997
_936907
710 2 _aHospital de Santa Cruz (Barcelona)
_9173718
740 0 2 _aVeinte años de pintura española.
830 1 _aCuadernos de arte. Colección extraordinaria ;
_v12
_9185320
852 _aES-MaACL
_j2212-F-12;
852 _aES-MaACL
_jC-50226.
942 _2udc
999 _c106819
_d106819